000
00304nam a22001337a 4500
008
171012b xxu||||| |||| 00| 0 eng d
020
_a
9780534097271
041
_a
eng
080
_2
5TH
_a
316
100
_a
50
101
_a
SOC
245
_a
PRACTICING SOCIAL RESEARCH
_c
WAGENAAR,TH.C
942
_2
udc
_c
BK
999
_c
33387
_d
33387